000
00341 a2200169 4500
001
174631
020
_a
85-08-04636-7
040
_c
Magnum
100
_a
Rocha, Ruth
240
1
0
_a
A arca de noé
_l
por
245
1
0
_a
A arca de noé
300
_a
24
362
0
_a
1997
440
1
_a
Ática
697
_a
LITERATURA INFANTO
942
_c
BK
999
_c
174631
_d
174631